|
|
|
|
| LEADER |
00000naa2a2200000 4500 |
| 001 |
241246 |
| 005 |
20240614110731.0 |
| 035 |
|
|
|a (RuTPU)RU\TPU\book\262513
|
| 035 |
|
|
|a RU\TPU\book\262510
|
| 090 |
|
|
|a 241246
|
| 100 |
|
|
|a 20130708d2002 k y0rusy50 ca
|
| 101 |
0 |
|
|a rus
|
| 102 |
|
|
|a RU
|
| 200 |
1 |
|
|a О проекте третьей редакции Государственного образовательного стандарта высшего профессионального образования РФ
|f В. Н. Чудинов [и др.]
|
| 463 |
|
1 |
|0 46233
|t Проблемы и практика инженерного образования. Международная аккредитация образовательных программ
|d 2002
|p 123 с.
|9 46233
|a 5 Проблемы и практика инженерного образования "Международная аккредитация образовательных программ", Международная научно-практическая конференция (2002 - Томск)
|c Томск
|n Изд-во ТПУ
|o труды V Международной научно-практической конференции, Томск, 24-26 мая 2002 г.
|v С. 81-82
|
| 610 |
1 |
|
|a труды учёных ТПУ
|
| 701 |
|
1 |
|a Чудинов
|b В. Н.
|c российский ученый в области автоматизированных систем управления
|c доцент Томского политехнического университета
|f 1941-
|g Владимир Николаевич
|3 (RuTPU)RU\TPU\pers\18594
|4 070
|
| 701 |
|
1 |
|a Лисицын
|b В. М.
|c физик
|c профессор Томского политехнического университета, кандидат физико-математических наук
|f 1939-
|g Виктор Михайлович
|3 (RuTPU)RU\TPU\pers\10510
|4 070
|9 2237
|
| 701 |
|
1 |
|a Цимбалист
|b Э. И.
|c специалист в области контрольно-измерительной техники
|c доцент Томского политехнического университета, кандидат технических наук
|f 1938-
|g Эдвард Ильич
|3 (RuTPU)RU\TPU\pers\30405
|4 070
|
| 701 |
|
1 |
|a Винокуров
|b Б. Б.
|c специалист в области информационно-измерительной техники
|c доцент Томского политехнического университета, кандидат технических наук
|f 1942-
|g Борис Борисович
|3 (RuTPU)RU\TPU\pers\26484
|4 070
|
| 701 |
|
1 |
|a Караушев
|b В. Ф.
|c специалист в области электротехники, инженерной педагогики
|c начальник информационно-методического отдела Томского политехнического университета, кандидат технических наук
|f 1939-
|g Вадим Федорович
|3 (RuTPU)RU\TPU\pers\30357
|4 070
|
| 801 |
|
1 |
|a RU
|b 63413507
|c 20130111
|
| 801 |
|
2 |
|a RU
|b 63413507
|c 20130708
|g RCR
|
| 942 |
|
|
|c BK
|